[Event "EU-ch U12 Girls 24th"]
[Site "Batumi"]
[Date "2014.10.22"]
[Round "4"]
[White "Pecorini, Angie"]
[Black "Strukova, Ksenia"]
[Result "0-1"]
[WhiteElo "1346"]
[BlackElo "1626"]
[PlyCount "66"]
[EventDate "2014.10.19"]
[EventType "swiss"]
[EventRounds "9"]
[EventCountry "GEO"]
[SourceTitle "EXT 2016"]
[Source "ChessBase"]
[SourceDate "2015.10.08"]
[SourceVersion "1"]
[SourceVersionDate "2015.10.08"]
[SourceQuality "1"]

1. d4 Nf6 2. c4 d6 3. Nf3 g6 4. Nc3 Bg7 5. e4 0-0 6. h3 Nbd7 7. Be2 e5 8. d5 Nc5 9. Bg5 h6 10. b4 Ncxe4 11. Nxe4 hxg5 12. Nfxg5 Nxe4 13. Nxe4 Qh4 14. Bf3 f5 15. g3 Qe7 16. Nd2 e4 17. Be2 Bxa1 18. Qxa1 e3 19. Nf3 Re8 20. Qb2 exf2+ 21. Kxf2 Qe3+ 22. Kf1 Qh6 23. h4 Bd7 24. Qf6 Rf8 25. Qe7 Rf7 26. Qg5 Qxg5 27. Nxg5 Re7 28. h5 Kg7 29. Kf2 Rh8 30. b5 Kf6 31. Nh3 g5 32. a4 Rhe8 33. Re1 f4 0-1

[Event "SUI-ch U12"]
[Site "Cham"]
[Date "2014.07.06"]
[Round "7"]
[White "Pecorini, Angie"]
[Black "Deveci, Sinan"]
[Result "0-1"]
[WhiteElo "1569"]
[BlackElo "1561"]
[PlyCount "103"]
[EventDate "2014.07.03"]
[EventType "swiss"]
[EventRounds "7"]
[EventCountry "SUI"]
[SourceTitle "CBM 161 Extra"]
[Source "ChessBase"]
[SourceDate "2014.08.29"]
[SourceVersion "1"]
[SourceVersionDate "2014.08.29"]
[SourceQuality "1"]

1. d4 Nf6 2. c4 e6 3. Nc3 Bb4 4. Nf3 b6 5. a3 Bxc3+ 6. bxc3 c5 7. Bg5 Bb7 8. e3 h6 9. Bh4 0-0 10. Qc2 d6 11. Be2 Nbd7 12. 0-0 Rc8 13. Rfd1 Qc7 14. Bxf6 Nxf6 15. Nd2 d5 16. f3 cxd4 17. cxd4 dxc4 18. Qxc4 Nd5 19. e4 Nc3 20. Qxc7 Rxc7 21. Re1 Nxe2+ 22. Rxe2 Rc2 23. Kf2 Ba6 24. Nc4 Rxe2+ 25. Kxe2 Bxc4+ 26. Ke3 Rc8 27. g4 Ba6 28. h4 g5 29. hxg5 hxg5 30. d5 Rc3+ 31. Kd4 Rc4+ 32. Ke5 Rc5 33. Rh1 exd5 34. exd5 Be2 35. Ke4 Rxd5 36. f4 gxf4 37. Kxf4 Ra5 38. Ra1 Ra4+ 39. Kf5 Bxg4+ 40. Kf6 Bh5 41. Rg1+ Bg6 42. Rg3 b5 43. Ke7 a5 44. Kf6 b4 45. axb4 axb4 46. Ke5 Ra8 47. Kd4 Rb8 48. Rb3 Bc2 49. Rb2 b3 50. Kc3 f5 51. Rxc2 bxc2 52. Kxc2 0-1

[Event "Bois Gentil op"]
[Site "Geneve"]
[Date "2014.01.24"]
[Round "3"]
[White "Mylonas, Denis"]
[Black "Pecorini, Angie"]
[Result "0-1"]
[WhiteElo "1431"]
[BlackElo "1279"]
[PlyCount "46"]
[EventDate "2014.01.10"]
[EventType "swiss"]
[EventRounds "7"]
[EventCountry "SUI"]
[SourceTitle "CBM 158 Extra"]
[Source "ChessBase"]
[SourceDate "2014.02.28"]
[SourceVersion "1"]
[SourceVersionDate "2014.02.28"]
[SourceQuality "1"]

1. d4 Nf6 2. c4 g6 3. Nc3 d5 4. Nf3 Bg7 5. Bf4 Bg4 6. e3 0-0 7. Nb5 Na6 8. Be2 c6 9. Nc3 Bxf3 10. Bxf3 dxc4 11. 0-0 Nd5 12. Nxd5 cxd5 13. a3 f6 14. Re1 e5 15. dxe5 fxe5 16. Bxd5+ Kh8 17. Bxb7 Qxd1 18. Raxd1 exf4 19. Bxa8 Rxa8 20. exf4 Bxb2 21. a4 c3 22. Re2 Rc8 23. Rc2 Nb4 0-1